02282nam a2200385 c 450000100060000000300100000600500170001600700030003300800410003602000150007704000350009204100130012704300120014008400110015210000440016324501240020725000220033126400430035330000350039633600270043133700330045833800280049152008800051952100610139953400300146065000380149065000380152865000420156665000510160870000360165970000400169594200150173599900170175095201290176759210CO-BoRNBP20250918215717.0ta121119s2002 ck a cr 000 f spa d a9587040422 aCO-BoRNBPbspaerdacCO-BoRNBP1 aspahger ae-gx--- aN END1 aEnde, Michaeld19291- 995eautor96159813aLa historia interminable /cMichael Ende ; con letras y dibujos de Roswitha Quadflieg ; traducción de Miguel Sáenz. aPrimera edición 1aBogotá, Colombia :bAlfaguara,c2002 a419 páginas :bilustraciones atextobtxt2rdacontent asin mediaciónbn2rdamedia avolumenbnc2rdacarrier a¿Qué es Fantasía? Fantasía es la Historia Interminable. ¿Dónde está escrita esa historia? En un libro de tapas color cobre. ¿Dónde está ese libro? Entonces estaba en el desván de un colegio. Estas son las tres preguntas que formulan los pensadores profundos, y las tres sencillas respuestas que reciben de Bastián. Pero para saber realmente lo que es Fantasía hay que leer ese, es decir, este libro. El que tienes en tus manos. La Emperatriz Infantil está mortalmente enferma y su reino corre un grave peligro. La salvación depende de Atreyu, un valiente guerrero de la tribu de las pieles verdes, y Bastián, un niño tímido que lee con pasión un libro mágico. Mil aventuras les llevarán a reunirse y a conocer una fabulosa galería de personajes, y juntos dar forma a una de las grandes creaciones de la literatura de todos los tiempos aRecomendado para un público infantil mayor de 9 años tDie unendliche Geschichte07aLiteratura Fantastica2LEMB9551704aLiteratura infantil alemana2LEMB04aNovela alemanaySiglo XX2LEMB96278204aNovela infantil alemanaySiglo XX2LEMB963640 aQuadflieg, Roswithaeill965014 aSáenz, Miguel,d1932-etrl965015 2loccBKINF c59210d59210 00102lcc40708GENaMESJUANIbMESJUANIcLITd2025-09-18l0oN END1pSJU02237r2025-09-18 21:58:11tEj.1w2025-09-18yBKLIT